000 00377nam a2200157Ia 4500
999 _c29076
_d29076
003 OSt
005 20250714144529.0
008 250310s9999||||xx |||||||||||||| ||und||
040 _c.
082 _a891.43
_bP8987
100 _93625
_aPrakash, Uday
245 0 _aMohan Das /
_cUday Prakash
260 _aNew Delhi :
_bBani prakashan,
_c2007.
300 _a96 p.
942 _cBK
_2ddc